| 000 | 00770nam a22002417a 4500 | ||
|---|---|---|---|
| 999 |
_c6693 _d6693 |
||
| 001 | 8644 | ||
| 003 | BD-DhUAP | ||
| 005 | 20210112135714.0 | ||
| 008 | 210105s2002 ii a b 001 0 eng | ||
| 020 | _a8120325044 | ||
| 040 |
_aDLC _cDLC _dBD-DhUAP _bEng |
||
| 082 | 0 | 0 |
_a658.1511 HOR _223 |
| 100 | _aHorngren, Charles T. | ||
| 245 | 0 | 0 |
_aIntroduction to management accounting / _cCharles T. Horngren, Gary L. Sundem and William O. Stratton. |
| 250 | _a12th ed. | ||
| 260 |
_aNew Delhi : _bPrentice-Hall of India, _cc2002. |
||
| 300 |
_avarious pages : _billustrations ; _c24 cm. |
||
| 504 | _aIncludes bibliographical references and index. | ||
| 650 | 0 | _aManagerial accounting. | |
| 700 | _aSundem, Gary L. | ||
| 700 | _aStratton, William O. | ||
| 942 |
_2ddc _cBK |
||